000 00882nam a2200265Ia 4500
003 OSt
005 20220918170249.0
006 a|||||r|||| 00| 0
007 ta
008 220917b |||||||| |||| 00| 0 eng d
020 _a9780081000779 (pbk)
_cUSD 86.95
024 _a324,594
037 _b54, 08/02/2018, Mallika Books
_cTextual
040 _aARTS
_cARTS
_beng
041 _2eng
_aeng
082 _a2:(Y:435:5), Q6
100 _aRoberston Guy Au.
_927938
245 0 _aRobertson on library security and disaster planning
260 _aAmsterdam
_bChandos Publishing The Netherlands
_c2016
300 _axvi,217p.
_ccm.
490 _aChandos information professional series
650 _aDISASTERS; LIBRARY SCIENCE; SOCIOLOGY
_927939
942 _h2:(Y:435:5), Q6
_cTEXL
_2CC
999 _c133290
_d133290